La interpretación del Nuevo Testamento 1861-1961 / (Record no. 67418)

MARC details
000 -LEADER
campo de control de longitud fija 00738nam a2200217 i 4500
001 - NÚMERO DE CONTROL
campo de control 67418
003 - IDENTIFICADOR DE NÚMERO DE CONTROL
campo de control ES-MaACL
005 - FECHA Y HORA DE LA ÚLTIMA TRANSACCIÓN
campo de control 20240419214543.0
007 - CAMPO FIJO DE DESCRIPCIÓN FÍSICA--INFORMACIÓN GENERAL
campo de control de longitud fija t|
008 - DATOS DE LONGITUD FIJA--INFORMACIÓN GENERAL
campo de control de longitud fija 190702s1967 sp ||||0| spa d
100 0# - ENTRADA PRINCIPAL--NOMBRE DE PERSONA
Nombre de persona Neill, Stephen.
9 (RLIN) 85338
245 13 - MENCIÓN DEL TÍTULO
Título La interpretación del Nuevo Testamento 1861-1961 /
Mención de responsabilidad, etc. Stephen Neill ; [traducción, José Luis Lana].
260 ## - PUBLICACIÓN, DISTRIBUCIÓN, ETC.
Lugar de publicación, distribución, etc. [Barcelona] :
Nombre del editor, distribuidor, etc. Edic. 62,
Fecha de publicación, distribución, etc. [1967]
300 ## - DESCRIPCIÓN FÍSICA
Extensión 437 p. ;
Dimensiones 20 cm.
490 1# - MENCIÓN DE SERIE
Mención de serie Colección Pensamiento Cristiano ;
Designación de volumen o secuencia 12
630 #4 - PUNTO DE ACCESO ADICIONAL DE MATERIA--TÍTULO UNIFORME
Título uniforme Biblia.
Nombre de parte o sección de la obra N.T.-
Subdivisión general Crítica e interpretación
9 (RLIN) 119291
700 1# - ENTRADA AGREGADA--NOMBRE PERSONAL
Nombre de persona Lana, José Luis.
9 (RLIN) 69884
830 0# - PUNTO DE ACCESO ADICIONAL DE SERIE-TÍTULO UNIFORME
Título uniforme Colección pensamiento cristiano
Designación de volumen o secuencia 12
9 (RLIN) 179624
852 ## - LOCALIZACIÓN
Ubicación ES-MaACL
Número de control de estantería P-618-Ter-9
Holdings
Estatus retirado Estado de pérdida Estado de daño No para préstamo Biblioteca de origen Biblioteca actual Ubicación en estantería Fecha de adquisición Fuente de adquisición Total de préstamos Signatura topográfica completa Código de barras Visto por última vez Precio de reemplazo Tipo de ítem Koha
        Biblioteca del Ateneo de Madrid Biblioteca del Ateneo de Madrid Depósito 2 02/07/2019     P-618-Ter-9 1200966 23/02/2023 23/02/2023 Libro impreso